Представление документа в формате RUSMARC

ПолеНазваниеЗначение
  Тип записи a
  Библиографический уровень m
001 Контрольный номер RU/CBS_UL/BASE/1727a1ceaa1d4e8ea1008f82f58f509e
005 Дата корректировки 20250902130529.7
010 Индекс ISBN __
a ISBN 978-5-04-113966-7
b Уточнения в пер.
d Цена 613 р. 80 к.
9 Тираж 3 000 экз.
100 Данные общей обработки __
a Данные общей обработки 20241216d 0rusy0189## ca
101 Язык документа 0_
a Язык текста rus
102 Страна публикации __
a Страна публикации RU
200 Заглавие и сведения об ответственности 1_
a Заглавие Мирабель. Урок с котятами
f Первые сведения об ответственности Г. Манкастер
g Последующие сведения об ответственности пер. с англ. А. Васильевой
g Последующие сведения об ответственности ил. М. Лав
210 Выходные данные 1_
a Место издания Москва
c Издательство ЭКСМО
d Дата издания 2025
215 Физическое описание __
a Объем 127, [10] с.
c Иллюстрации/тип воспроизводства ил.
d Формат 19 см.
225 Серия 2_
a Серия Изадора Мун. Приключения очень необычной девочки
300 Общие примечания __
a Общие примечания 6+
300 Общие примечания __
a Общие примечания Указ. изд-во Эксмодетство
300 Общие примечания __
a Общие примечания На обл.: Быть собой - это здорово!
606 Тематические рубрики 0_
a Основная рубрика Английская детская литература, 21в. - Сказки
610 Ключевые слова 0_
a Ключевые слова сказки зарубежных писателей; волшебство; фэнтези; приключения; существа волшебные; волшебные животные; магия; феи; котята с крылышками
686 Индексы других классификаций __
2 Код системы rubbk
a Классификационный индекс 84(4Вел)
700 Автор _1
a Фамилия Манкастер
b Имя (инициалы) Г.
g Полное личное имя Гарриет
801 Источник записи _0
a Страна RU
b Организация МБУК ЦБС г. Ульяновска
c Дата составления 20241216
g Правила каталогизации RCR
801 Источник записи _1
a Страна RU
b Организация МБУК ЦБС г. Ульяновска
c Дата составления 20241216
g Правила каталогизации RCR
852 Данные о местонахождении __
i Авторский знак М 23
j Шифр хранения И(Англ)
900 Электронные ресурсы __
a Имя электронного ресурса г. манкастер урок
901 Тип документа __
t Тип документа m
909 Создатель записи __
b Дата создания записи 20241216